Normal view
MARC view
Entry Personal Name
001 - CONTROL NUMBER
- control field: 17797
003 - CONTROL NUMBER IDENTIFIER
- control field: dpl
005 - DATE AND TIME OF LATEST TRANSACTION
- control field: 20100831162028.0
008 - FIXED-LENGTH DATA ELEMENTS
- fixed length control field: 100831|||a|||||| | ||| d
040 ## - CATALOGING SOURCE
- Original cataloging agency: dpl
- Transcribing agency: dpl
100 ## - HEADING--PERSONAL NAME
- Personal name: Pujya Pandit
670 ## - SOURCE DATA FOUND
- Source citation: Work cat.: (dpl)43188: Pujya Pandit, Garawa Mayi Sang Lage-Part 1 (Todi) /
670 ## - SOURCE DATA FOUND
- Source citation: Work cat.: (dpl)43188: Pujya Pandit, Garawa Mayi Sang Lage-Part 1 (Todi) /
